| 000 | 00000nas##2200000za#4500 |
| 001 | 9.512218 |
| 003 | CaOODSP |
| 005 | 20200325115551 |
| 007 | ta |
| 008 | 150406c1991||||xxc|| p #||||f| |0eng|d |
| 022 | |a1491-1264 |
| 040 | |aCaOODSP|beng |
| 041 | |aeng |
| 041 | |afre |
| 043 | |an-cn--- |
| 086 | 1 |aE81-1 |
| 110 | 1 |aCanada.|bRights & Democracy (International Centre for Human Rights and Democratic Development) |
| 245 | 10|aInternational Centre for Human Rights and Democratic Development - annual report |
| 260 | |aMontreal - Quebec : |bRights & Democracy (International Centre for Human Rights and Democratic Development) |
| 310 | |aAnnual |
| 362 | 1 |a[1991] - |
| 520 | 3 |aExamines the activities of Rights & Democracy, a federally funded non-profit organization that promotes human rights in developing countries. Highlights the challenges of human rights advocates at the regional, national and international levels, covering such issues as: human security; women’s rights; poverty and hunger; HIV/AIDS; the effects of free trade agreements; and compliance with international treaties. Included are projects and initiatives, partnerships, and programming activities. |
| 690 | 07|aHuman rights|2gcpds |
| 776 | 0#|tAnnual report |w(CaOODSP)9.506288 |
| 792 | |tCentre international des droits de la personne et du développement démocratique - rapport annuel |efre|w(CaOODSP)9.512219 |